The grass is singing / (Record no. 156117)

MARC details
000 -LEADER
fixed length control field 00573nam a2200205 a 4500
008 - FIXED-LENGTH DATA ELEMENTS--GENERAL INFORMATION
fixed length control field
020 ## - INTERNATIONAL STANDARD BOOK NUMBER
International Standard Book Number 0435901311 (pbk.)
049 ## - LOCAL HOLDINGS (OCLC)
Holding library MAIN
090 ## - LOCALLY ASSIGNED LC-TYPE CALL NUMBER (OCLC); LOCAL CALL NUMBER (RLIN)
Classification number (OCLC) (R) ; Classification number, CALL (RLIN) (NR) PR6023.E833
Local cutter number (OCLC) ; Book number/undivided call number, CALL (RLIN) LES.
003 - CONTROL NUMBER IDENTIFIER
control field
005 - DATE AND TIME OF LATEST TRANSACTION
control field 20230123133856.0
040 ## - CATALOGING SOURCE
Transcribing agency NUST
100 10 - MAIN ENTRY--PERSONAL NAME
Personal name Lessing, Doris May.
245 14 - TITLE STATEMENT
Title The grass is singing /
Statement of responsibility, etc. Doris Lessing.
260 0# - PUBLICATION, DISTRIBUTION, ETC.
Place of publication, distribution, etc. Oxford :
Name of publisher, distributor, etc. Heinemann Educational,
Date of publication, distribution, etc. 1973.
300 ## - PHYSICAL DESCRIPTION
Extent 256 p. :
Dimensions 19 cm.
440 ## - SERIES STATEMENT/ADDED ENTRY--TITLE
Title African writers series.
907 ## - LOCAL DATA ELEMENT G, LDG (RLIN)
a .b10141984
b 06-07-09
c 03-12-04
942 ## - ADDED ENTRY ELEMENTS (KOHA)
Koha item type Ordinary Loan Books
Call number prefix PR6023.E833
Call number suffix LES.
Holdings
Date last seen Total Checkouts Full call number Barcode Cost, replacement price Price effective from Koha item type Lost status Source of classification or shelving scheme Damaged status Not for loan Collection Withdrawn status Home library Current library Shelving location Date acquired Cost, normal purchase price
01/23/2023 13 PR6023.E833 LES 92003030705 80.00 01/23/2023 BOOKS   LCC     NFIC   MAIN MAIN GEN 01/23/2023 80.00